Sports Quiz

Random Sports or WWE Quiz

Professional Wrestling Tag Teams Quiz Stats

 Plays Quiz not verified by Sporcle

Challenge
Share
Tweet
Embed
Score 0/100 Timer 10:00
0 Plays Today
Members Tag Team Name % Correct
Shawn Michaels & Triple HD-Generation X
80.9%
Matt & JeffThe Hardy Boyz
79.7%
Bret 'Hitman' Hart & Jim 'The Anvil' NeidhartThe Hart Foundation
78.7%
Bubba Ray & D-VonThe Dudley Boyz
78.5%
Hawk & AnimalLegion of Doom
78.1%
Bad Ass Billy Gunn & Road Dogg Jesse JamesThe New Age Outlaws
77.5%
Rick & ScottThe Steiner Brothers
77.3%
Shawn Michaels & Marty JannettyThe Rockers
77.1%
Faarooq & BradshawAPA
76.2%
The Rock & MankindRock and Sock Connection
76%
The Undertaker & KaneBrothers of Destruction
74.6%
Scott Hall & Kevin NashThe Outsiders
74.2%
Brian Knobbs & Jerry SagsThe Nasty Boys
73.6%
Davey Boy Smith & Dynamite KidThe British Bulldogs
73%
Edge & Randy OrtonRated-RKO
73%
Ted DiBiase & IRSMoney Inc
72.9%
Ax, Smash, & CrushDemolition
72.3%
Cody Rhodes & Ted DiBiasePriceless
71.9%
Charlie Haas & Shelton BenjaminTeam Angle
71.7%
Booker T & Stevie RayHarlem Heat
71.5%
Crash & HardcoreThe Hollys
70.9%
Johnny Nitro & Joey MercuryMNM
70.9%
Chris Jericho & The Big ShowJeriShow
70.7%
Billy Gunn & Bart GunnThe Smoking Gunns
70.3%
Mosh & ThrasherThe Headbangers
69.7%
Scotty 2 Hotty & Grandmaster SexayToo Cool
69.3%
Earthquake & TyphoonThe Natural Disasters
68.6%
The Big Show & The MizShoMiz
68.6%
Mo & MabelMen on a Mission
67.8%
Hulk Hogan & Mach Man Randy SavageThe Mega Powers
67.6%
Shad Gaspard & JTGCryme Tyme
67.4%
Test & AlbertT & A
67.2%
Afa & SikaWild Samoans
66%
Tyson Kidd & David Hart SmithThe Hart Dynasty
65.8%
Members Tag Team Name % Correct
Arn Anderson & Tully BlanchardThe Brain Busters
64.8%
Doug & DannyThe Basham Brothers
64.3%
Henry O. and Phineus I.The Godwinns
63.9%
Pitbull #1 & Pitbull #2The Pitbulls
63.3%
Eddie Guerrero & Chavo GuerreroLos Guerreros
62.7%
Mulligan & LanzaThe Blackjacks
62.7%
Carlito & PrimoThe Colons
61.7%
Fatu & SamuThe Headshrinkers
61.5%
Skip & ZipThe Bodydonnas
61.3%
Ricky Morton & Robert GibsonRock N' Roll Express
61.3%
Jim Brunzell & B. Brian BlairThe Killer Bees
61.1%
Ron Simmons & Butch ReedDoom
60.9%
Marty Jannetty & Leif CassidyThe New Rockers
60.2%
Rosey & Jamal3-Minute Warning
60.2%
Rocco Rock & Johnny GrungeThe Public Enemy
59.6%
Rory McAllister & Robbie McAllisterThe Highlanders
59%
Rene Dupree, Rob Conway, & Sylvain GrenierLa Resistance
57.6%
Tito Santana & Rick MartelStrike Force
57.2%
The Warlord & The BarbarianThe Powers of Pain
55.7%
Hercules & Paul RomaPower and Glory
55.7%
Brian Adams & Bryan ClarkKroniK
55.7%
The Big Bossman & AkeemThe Twin Towers
55.5%
Timothy Well & Steven DunnWell Dunn
54.9%
Beau & BlakeThe Beverly Brothers
54.3%
Jacques & RaymondThe Fabulous Rougeaus
54.1%
Jacques & PierreThe Quebecers
53.1%
Barry Winham & BradshawThe New Blackjacks
53.1%
Butch Miller & Luke WilliamsThe Bushwhackers
52.7%
Stunning Steve & Flyin' BrianThe Hollywood Blonds Version 3
52.3%
Brutus Beefcake & Greg 'The Hammer' ValentineThe Dream Team
52.1%
Owen Hart & Jim NeidhartThe New Foundation
50%
Mike Rotundo & Barry WindhamThe U.S. Express
49%
Haku & TamaThe Islanders
48.8%
Lex Luger & The British BulldogThe Allied Powers
48.6%
Members Tag Team Name % Correct
Owen Hart & Koko B. WareHigh Energy
48.4%
Kato & TanakaThe Orient Express
48.2%
Andre the Giant & HakuThe Colossal Connection
47.9%
The Honky Tonk Man & Greg 'The Hammer' ValentineRhythm and Blues
47.5%
Deuce Shade & Dice DominoDeuce 'n Domino
47.1%
Perry Saturn & John KronusThe Eliminators
46.5%
New Jack & Mustafa SaedThe Gangstas
46.1%
Hulk Hogan & Brutus BeefcakeThe Mega Maniacs
45.3%
Rick Martel & Tom ZenkCanAm Connection
44.7%
Shane Helms & Shannon MooreThree Count
44.5%
Nikolai Volkoff & Boris ZhukovThe Bolsheviks
44.3%
Bombastic Bob & Bodacious BartThe New Midnight Express
43.9%
Justin Credible & Lance StormImpact Players
43.8%
Marcus Bagwell & Scotty RiggsThe American Males
43.6%
Meng & The BarbarianThe Faces of Fear
43.2%
Jim Powers & Paul RomaThe Young Stallions
41.6%
Scott Norton & Ice TrainFire and Ice
41.6%
Paul Orndorff & Paul RomaPretty Wonderful
41.6%
Arn Anderson & Larry ZbyszkoThe Enforcers
37.9%
Jacob & EliThe Blu Twins
36.9%
Alex Wright & Disco InfernoBoogie Knights
31.8%
Robbie Rage & Kenny KaosHigh Voltage
31.1%
Kevin Nash & Diamond Dallas PageThe Insiders
30.7%
Big Vito & Johnny The BullThe Mamalukes
29.9%
Marcus Alexander Bagwell & The PatriotStars N' Stripes
28.1%
Lex Luger & Buff BagwellTotally Buff
27.5%
Scott Norton & Buff BagwellVicious and Delicious
26.2%
The Big Show & The UndertakerThe Unholy Alliance
22.5%
The Ultimate Warrior & Randy SavageThe Ultimate Maniacs
21.7%
Sean Stasiak & Chuck PalumboThe Perfect Event
21.1%
Travis & TroyTekno Team 2000
20.9%
Chris Kanyon & Mark StarrMen at Work
9.4%

You're not logged in!

Compare scores with friends on all Sporcle quizzes.
Join for Free
OR
Log In

You Might Also Like...

Show Comments

Extras

Top Quizzes Today


Score Distribution

Your Account Isn't Verified!

In order to create a playlist on Sporcle, you need to verify the email address you used during registration. Go to your Sporcle Settings to finish the process.

Report this User

Report this user for behavior that violates our Community Guidelines.

Details: